[Event "World Amateur-ch U2000"]
[Site "Cagliari"]
[Date "2018.04.22"]
[Round "1"]
[White "Marras, Giuseppe"]
[Black "Hasinski, Krystian"]
[Result "1-0"]
[WhiteElo "1769"]
[BlackElo "1921"]
[PlyCount "118"]
[EventDate "2018.04.22"]
[EventType "swiss"]
[EventRounds "9"]
[EventCountry "ITA"]
[SourceTitle "CBM 184 Extra"]
[Source "ChessBase"]
[SourceDate "2018.06.28"]
[SourceVersion "1"]
[SourceVersionDate "2018.06.28"]
[SourceQuality "1"]

1. e4 g6 2. d4 Bg7 3. Nc3 d6 4. f4 Nd7 5. Nf3 c5 6. Be3 Ngf6 7. dxc5 dxc5 8. e5 Ng4 9. Bg1 e6 10. Ne4 0-0 11. h3 Nh6 12. g4 Qe7 13. Qd6 Qxd6 14. Nxd6 Kh8 15. 0-0-0 a6 16. Nxc8 Raxc8 17. Rxd7 b5 18. c4 b4 19. Nd2 Ng8 20. Bg2 f6 21. Bh2 fxe5 22. fxe5 Rcd8 23. Rxd8 Rxd8 24. Bf4 a5 25. Rf1 h6 26. Kc2 Ne7 27. Bh2 g5 28. Be4 Kg8 29. Nf3 a4 30. Bg1 Rc8 31. Rd1 Kf7 32. Rd7 Ke8 33. Ra7 Bf8 34. Rxa4 Nc6 35. Ra8 Kd7 36. Rxc8 b3+ 37. axb3 Nb4+ 38. Kd2 Kxc8 39. h4 gxh4 40. Nxh4 Kd7 41. Ng6 Bg7 42. Bxc5 Na6 43. Bf8 Bxf8 44. Nxf8+ Ke7 45. Ng6+ Kf7 46. Nf4 Nc5 47. Bc2 Nd7 48. Nd3 Nb6 49. Ke3 Kg6 50. Kf3 Kg5 51. Nf2 Nd7 52. Ne4+ Kh4 53. Kf4 Nf8 54. Nc5 Kh3 55. b4 Kg2 56. b5 Kf2 57. b6 Ke2 58. b7 Kd2 59. b8Q Kxc2 1-0

[Event "Terre degli Elimi op 6th"]
[Site "Erice"]
[Date "2015.08.03"]
[Round "8"]
[White "Bonoo, Iwan"]
[Black "Marras, Giuseppe"]
[Result "1/2-1/2"]
[WhiteElo "1930"]
[BlackElo "1814"]
[PlyCount "293"]
[EventDate "2015.07.28"]
[EventType "swiss"]
[EventRounds "9"]
[EventCountry "ITA"]
[SourceTitle "EXT 2017"]
[Source "ChessBase"]
[SourceDate "2016.10.25"]
[SourceVersion "1"]
[SourceVersionDate "2016.10.25"]
[SourceQuality "1"]

1. d4 Nf6 2. c4 g6 3. Nc3 Bg7 4. e4 d6 5. Be2 0-0 6. g4 e5 7. d5 c6 8. h4 Qa5 9. Bd2 Qb6 10. b3 cxd5 11. cxd5 Na6 12. h5 Nc5 13. f3 Bxg4 14. fxg4 Nfxe4 15. Nh3 f5 16. hxg6 hxg6 17. Bc4 Nxc3 18. Bxc3 Ne4 19. Bb2 Qe3+ 20. Qe2 Qg3+ 21. Kd1 Nc3+ 22. Bxc3 Qxc3 23. Rc1 Qd4+ 24. Qd2 Qxg4+ 25. Be2 Qh4 26. Qg5 Qd4+ 27. Ke1 Rac8 28. Rxc8 Rxc8 29. Nf2 Qf4 30. Qxg6 Qb4+ 31. Kf1 Rc1+ 32. Nd1 Qf4+ 33. Kg2 Qe4+ 34. Bf3 Qc2+ 35. Kh3 Qc8 36. Rg1 Qd7 37. Rg5 e4 38. Bh5 Rc8 39. Rxf5 Rf8 40. Bg4 Qe7 41. Rxf8+ Kxf8 42. Qe6 Bd4 43. Qxe7+ Kxe7 44. Kg3 Be5+ 45. Kf2 Bd4+ 46. Ke2 Kf6 47. Ne3 Ke5 48. Be6 b5 49. Nf5 Bc5 50. a4 a6 51. Kd2 Kf4 52. Ke2 Ke5 53. Ne7 Kd4 54. axb5 axb5 55. Bd7 Kc3 56. Bxb5 Kxb3 57. Nf5 Kc3 58. Ba6 Kc2 59. Ng3 e3 60. Nf5 Kc3 61. Nxe3 Kd4 62. Bb7 Ke4 63. Nc2 Bb6 64. Na3 Bc5 65. Nb5 Bb4 66. Bc6 Bc5 67. Kd2 Kf5 68. Kc3 Kf6 69. Kc4 Ke7 70. Nc3 Bg1 71. Ne4 Bh2 72. Kb5 Bf4 73. Kb6 Bh2 74. Ba4 Bf4 75. Kc6 Bh2 76. Bd1 Bf4 77. Nc3 Bh2 78. Kc7 Be5 79. Nb5 Bh2 80. Na7 Bg3 81. Nc8+ Kf6 82. Kd7 Ke5 83. Bb3 Kd4 84. Nxd6 Bh2 85. Nf7 Bg3 86. Ke6 Kc5 87. Ba4 Bc7 88. Ne5 Kd4 89. Nd7 Bh2 90. Bb3 Bg3 91. Nf6 Bh2 92. Nd7 Bg3 93. d6 Bxd6 94. Kxd6 Kc3 95. Bd5 Kd4 96. Ke6 Kd3 97. Ke5 Kc3 98. Ke4 Kc2 99. Ne5 Kc3 100. Nc6 Kc2 101. Bc4 Kc3 102. Bd3 Kb3 103. Kd4 Kb2 104. Ne7 Kb3 105. Nd5 Kb2 106. Bb5 Kb3 107. Kd3 Kb2 108. Bc4 Kb1 109. Ne3 Kc1 110. Kc3 Kb1 111. Nc2 Kc1 112. Ba2 Kd1 113. Nd4 Ke1 114. Bd5 Kd1 115. Be4 Ke1 116. Nf5 Kd1 117. Ne3+ Kc1 118. Ng4 Kd1 119. Nf2+ Kc1 120. Nd3+ Kb1 121. Bd5 Ka1 122. Nb4 Kb1 123. Nc2 Kc1 124. Ba2 Kd1 125. Nd4 Ke1 126. Kd3 Kd1 127. Ne2 Ke1 128. Bd5 Kd1 129. Bb3+ Ke1 130. Ke3 Kf1 131. Nd4 Kg2 132. Be6 Kg3 133. Nf3 Kg2 134. Kf4 Kf2 135. Bc4 Kg2 136. Bd3 Kf2 137. Bc4 Kg2 138. Ke3 Kg3 139. Be6 Kg2 140. Nd2 Kg3 141. Ne4+ Kh4 142. Bf7 Kg4 143. Bg6 Kh4 144. Kf3 Kh3 145. Nd2 Kh4 146. Kf4 Kh3 147. Nf3 1/2-1/2

[Event "Sardegna Regional-ch"]
[Site "Cagliari"]
[Date "2015.05.31"]
[Round "2"]
[White "Sonis, Francesco"]
[Black "Marras, Giuseppe"]
[Result "1-0"]
[WhiteElo "2226"]
[BlackElo "1774"]
[PlyCount "71"]
[EventDate "2015.05.30"]
[EventType "swiss"]
[EventRounds "6"]
[EventCountry "ITA"]
[SourceTitle "EXT 2017"]
[Source "ChessBase"]
[SourceDate "2016.10.25"]
[SourceVersion "1"]
[SourceVersionDate "2016.10.25"]
[SourceQuality "1"]

1. Nf3 Nf6 2. g3 g6 3. Bg2 Bg7 4. c4 0-0 5. 0-0 d6 6. d4 c6 7. Nc3 Nbd7 8. b3 e5 9. Bb2 e4 10. Ne1 d5 11. Nc2 Re8 12. f3 exf3 13. Bxf3 dxc4 14. bxc4 Nb6 15. Qd3 Bg4 16. e4 Bxf3 17. Rxf3 Qd7 18. c5 Nc8 19. Raf1 Qe7 20. e5 Nd5 21. Nxd5 cxd5 22. Ne3 Qe6 23. Qb3 Ne7 24. Rxf7 b6 25. cxb6 axb6 26. Rxe7 Rxe7 27. Nxd5 Ree8 28. Nc7 Qxb3 29. axb3 Ra2 30. Nxe8 Rxb2 31. Nxg7 Kxg7 32. e6 Re2 33. d5 Re5 34. Rf7+ Kg8 35. Rb7 Rxd5 36. Rb8+ 1-0

[Event "Cagliari Coppa 31st"]
[Site "Cagliari"]
[Date "2006.04.01"]
[Round "4"]
[White "Marras, Giuseppe"]
[Black "Santilli, Enrico"]
[Result "0-1"]
[WhiteElo "1870"]
[BlackElo "1892"]
[PlyCount "86"]
[EventDate "2006.03.25"]
[EventType "swiss"]
[EventRounds "7"]
[EventCountry "ITA"]
[SourceTitle "EXT 2024"]
[Source "ChessBase"]
[SourceDate "2023.10.10"]
[SourceVersion "1"]
[SourceVersionDate "2023.10.10"]
[SourceQuality "1"]

1. d4 Nf6 2. h3 g6 3. c4 Bg7 4. Nc3 d6 5. e4 0-0 6. Nf3 Na6 7. Be3 c5 8. Be2 cxd4 9. Nxd4 Nc5 10. Qc2 Ne8 11. Rd1 Bd7 12. 0-0 Qc8 13. Bf3 Be5 14. g4 h5 15. Qe2 Nf6 16. Nd5 Nxd5 17. exd5 hxg4 18. hxg4 Kg7 19. Kg2 f5 20. gxf5 gxf5 21. Rh1 f4 22. Bc1 Rf6 23. Be4 Nxe4 24. Qxe4 Rg6+ 25. Kf1 Bh3+ 26. Rxh3 Qxh3+ 27. Ke2 Qh5+ 28. Nf3 Rf8 29. Kd3 Rg2 30. Rd2 Qg6 31. Qxg6+ Rxg6 32. Re2 Kf6 33. Re4 Rg4 34. b3 Rh8 35. Re2 Kf5 36. Bb2 Rh3 37. Rxe5+ dxe5 38. Ke2 e4 39. Nd4+ Kg6 40. Bc1 Rd3 41. Nf3 Rxf3 42. c5 Rd3 43. d6 f3+ 0-1

[Event "Cagliari Coppa 31st"]
[Site "Cagliari"]
[Date "2006.03.26"]
[Round "2"]
[White "Marras, Giuseppe"]
[Black "Lai, Luca"]
[Result "1-0"]
[WhiteElo "1870"]
[BlackElo "1829"]
[PlyCount "55"]
[EventDate "2006.03.25"]
[EventType "swiss"]
[EventRounds "7"]
[EventCountry "ITA"]
[SourceTitle "EXT 2024"]
[Source "ChessBase"]
[SourceDate "2023.10.10"]
[SourceVersion "1"]
[SourceVersionDate "2023.10.10"]
[SourceQuality "1"]

1. d4 Nf6 2. Nc3 c5 3. dxc5 e5 4. Bg5 Bxc5 5. e3 h6 6. Bh4 Nc6 7. a3 g5 8. Bg3 d5 9. Nf3 Bg4 10. Be2 Bxf3 11. Bxf3 e4 12. Be2 Qd7 13. Nb5 0-0-0 14. c3 Nh7 15. Nd4 Bxd4 16. cxd4 f5 17. Rc1 Rdf8 18. Be5 Nf6 19. Bb5 Kd8 20. Qa4 Nxe5 21. dxe5 Qe7 22. exf6 Qxf6 23. Qc2 Rf7 24. Qc8+ Ke7 25. Rc7+ Kd6 26. Rd7+ Ke6 27. Rd8+ Ke7 28. Qd7# 1-0

[Event "Cagliari Bitti-A 1st"]
[Site "Cagliari"]
[Date "2001.03.31"]
[Round "4"]
[White "Marras, Giuseppe"]
[Black "Ibba, Isacco"]
[Result "0-1"]
[WhiteElo "1734"]
[BlackElo "1864"]
[PlyCount "136"]
[EventDate "2001.03.17"]
[EventType "tourn"]
[EventRounds "7"]
[EventCountry "ITA"]
[SourceTitle "EXT 2024"]
[Source "ChessBase"]
[SourceDate "2023.10.10"]
[SourceVersion "1"]
[SourceVersionDate "2023.10.10"]
[SourceQuality "1"]

1. d4 d5 2. e4 e6 3. Nc3 Nf6 4. Bg5 Be7 5. e5 Nfd7 6. Bxe7 Qxe7 7. Nf3 a6 8. Be2 c5 9. dxc5 Nc6 10. 0-0 Ncxe5 11. Nxe5 Nxe5 12. Qd4 Qf6 13. Rad1 0-0 14. Na4 Rb8 15. Nb6 Nd7 16. Qxf6 gxf6 17. b4 Nxb6 18. cxb6 Bd7 19. c4 Ba4 20. Rd2 dxc4 21. Bxc4 Rbc8 22. Be2 Rc6 23. Rb1 Rfc8 24. h3 Rxb6 25. Rdb2 Rc3 26. b5 a5 27. Bd1 Bxd1 28. Rxd1 a4 29. Rdd2 Kg7 30. Kf1 f5 31. Ke1 Kf6 32. Kd1 Ke5 33. Rb4 a3 34. f4+ Kf6 35. Rc2 Rd6+ 36. Kc1 Rcd3 37. Rc7 Rd1+ 38. Kc2 R1d2+ 39. Kb3 R6d3+ 40. Rc3 Rxc3+ 41. Kxc3 Rxg2 42. Ra4 Rxa2 43. Kb4 b6 44. Ra6 Rb2+ 45. Kc3 Rxb5 46. Rxa3 Rc5+ 47. Kd4 Rc1 48. Rb3 Re1 49. Rf3 Re4+ 50. Kc3 b5 51. Kc2 h5 52. Kc3 h4 53. Kc2 Re2+ 54. Kc3 Rg2 55. Kb4 Rg3 56. Rf1 Rxh3 57. Kxb5 Re3 58. Kc4 Re4+ 59. Kd3 h3 60. Rh1 Rxf4 61. Rxh3 Ra4 62. Ke2 Ra2+ 63. Kf1 e5 64. Rb3 e4 65. Rb7 f4 66. Rb5 e3 67. Rc5 f3 68. Rc3 Ra1+ 0-1

[Event "Cagliari Bitti-A 1st"]
[Site "Cagliari"]
[Date "2001.03.31"]
[Round "5"]
[White "Puzzoni, Christian"]
[Black "Marras, Giuseppe"]
[Result "1-0"]
[WhiteElo "1897"]
[BlackElo "1734"]
[PlyCount "133"]
[EventDate "2001.03.17"]
[EventType "tourn"]
[EventRounds "7"]
[EventCountry "ITA"]
[SourceTitle "EXT 2024"]
[Source "ChessBase"]
[SourceDate "2023.10.10"]
[SourceVersion "1"]
[SourceVersionDate "2023.10.10"]
[SourceQuality "1"]

1. e4 g6 2. Bc4 Bg7 3. d4 d6 4. Be3 Nf6 5. Nc3 0-0 6. f3 c6 7. Bb3 e5 8. Nge2 Na6 9. Qd2 Nc7 10. Bh6 Be6 11. h4 Bxb3 12. axb3 Ne6 13. d5 cxd5 14. exd5 Bxh6 15. Qxh6 Nd4 16. Qd2 Nxe2 17. Qxe2 Nh5 18. Qf2 f5 19. Kd2 a6 20. Qe3 Rc8 21. g4 Nf4 22. h5 Qc7 23. hxg6 hxg6 24. gxf5 Rxf5 25. Rh6 Qc5 26. Qxc5 Rxc5 27. b4 Rc4 28. Ne4 Rd4+ 29. Ke3 Nxd5+ 30. Ke2 Nf4+ 31. Kf2 Kg7 32. Rah1 Rh5 33. R6xh5 Nxh5 34. c3 Rd5 35. b3 Nf6 36. Ng5 Rd3 37. Rc1 Nd5 38. Ne4 Nf4 39. Rc2 Rd1 40. c4 Kf7 41. c5 d5 42. Nd6+ Ke7 43. Nxb7 Kd7 44. Nd6 Rc1 45. Rxc1 Nd3+ 46. Ke3 Nxc1 47. Nf7 Ke6 48. c6 Nxb3 49. Nxe5 Kd6 50. Kd3 Nc1+ 51. Kc2 Ne2 52. Kd3 Nf4+ 53. Ke3 Ne6 54. f4 Kc7 55. Nxg6 Kxc6 56. f5 Ng5 57. Kf4 Ne4 58. Ke5 Ng5 59. Ne7+ Kb5 60. Nxd5 a5 61. bxa5 Kxa5 62. f6 Kb5 63. Nc3+ Kc6 64. Ne4 Nf7+ 65. Ke6 Nh6 66. Ng3 Kc7 67. Nf5 1-0